| 000 | 00708nam a2200241Ia 4500 | ||
|---|---|---|---|
| 003 | OSt | ||
| 005 | 20220923222024.0 | ||
| 006 | a|||||r|||| 00| 0 | ||
| 007 | ta | ||
| 008 | 220922b |||||||| |||| 00| 0 kan d | ||
| 024 | _a201,801 | ||
| 037 | _cTextual | ||
| 040 |
_aARTS _cARTS _bkan |
||
| 041 |
_2kan _akan |
||
| 082 | _aO33,6v, 152K0 | ||
| 100 |
_aदिवाकर, र रा0 _9165747 |
||
| 245 | 0 | _aवचन साहित्य परिचय | |
| 246 | _aVachan sāhitya parichaya | ||
| 260 | _c1973 | ||
| 650 |
_aकन्नड़ साहित्य _9156264 |
||
| 942 |
_hO33,6v, 152K0 _cTEXL _2CC |
||
| 999 |
_c353364 _d353364 |
||